Sports Quiz

Random Sports or MLB Quiz

World Series First Appearance Win Quiz Stats

 Plays Quiz Updated Nov 1, 2019

Score 0/14 Timer 02:00
24 Plays Today
% Correct
Arizona Diamondbacks
81.4%
Miami Marlins
73.6%
Boston Red Sox
70.1%
Washington Nationals
69%
New York Mets
68.6%
Toronto Blue Jays
67.2%
Los Angeles Angels
64.5%
% Correct
Chicago White Sox
53.8%
Cincinnati Reds
53.6%
Minnesota Twins
51.5%
St. Louis Cardinals
50.2%
San Francisco Giants
47.6%
Cleveland Indians
42.3%
Atlanta Braves
41.1%

You're not logged in!

Compare scores with friends on all Sporcle quizzes.
OR
Log In

Sporcle TV

Today on Sporcle TV


Watch our educational content, quiz creation guides, and fun videos on Sporcle TV.

Show Comments

Extras

Top Quizzes Today


Score Distribution

Your Account Isn't Verified!

In order to create a playlist on Sporcle, you need to verify the email address you used during registration. Go to your Sporcle Settings to finish the process.

Report this User

Report this user for behavior that violates our Community Guidelines.

Details: